An introduction to paleobotany / (Record no. 80273)

MARC details
000 -LEADER
fixed length control field 00596nam a2200241Ia 4500
003 - CONTROL NUMBER IDENTIFIER
control field OSt
005 - DATE AND TIME OF LATEST TRANSACTION
control field 20231004105043.0
008 - FIXED-LENGTH DATA ELEMENTS--GENERAL INFORMATION
fixed length control field 210324s9999||||xx |||||||||||||| ||und||
040 ## - CATALOGING SOURCE
Transcribing agency STCPL
041 ## - LANGUAGE CODE
Language code of text/sound track or separate title English
082 ## - DEWEY DECIMAL CLASSIFICATION NUMBER
Classification number 561
Item number CHE-I
100 ## - MAIN ENTRY--PERSONAL NAME
Personal name Arnold, Chester A.
245 #3 - TITLE STATEMENT
Title An introduction to paleobotany /
Statement of responsibility, etc. by Chester A. Arnold
260 ## - PUBLICATION, DISTRIBUTION, ETC.
Place of publication, distribution, etc. London :
Name of publisher, distributor, etc. M C Graw-Hill Publishing ,
Date of publication, distribution, etc. 1947 .
300 ## - PHYSICAL DESCRIPTION
Extent 431 p.
Other physical details Hard Back
650 ## - SUBJECT ADDED ENTRY--TOPICAL TERM
Topical term or geographic name entry element Paleobotany
650 ## - SUBJECT ADDED ENTRY--TOPICAL TERM
Topical term or geographic name entry element Ancient ferns
650 ## - SUBJECT ADDED ENTRY--TOPICAL TERM
Topical term or geographic name entry element Ancient lycopods
942 ## - ADDED ENTRY ELEMENTS (KOHA)
Koha item type Books
942 ## - ADDED ENTRY ELEMENTS (KOHA)
Source of classification or shelving scheme Dewey Decimal Classification
Suppress in OPAC No
942 ## - ADDED ENTRY ELEMENTS (KOHA)
Source of classification or shelving scheme Dewey Decimal Classification
Suppress in OPAC No
942 ## - ADDED ENTRY ELEMENTS (KOHA)
Source of classification or shelving scheme Dewey Decimal Classification
Suppress in OPAC No
Holdings
Withdrawn status Lost status Source of classification or shelving scheme Damaged status Collection code Not for loan Home library Current library Shelving location Date acquired Total Checkouts Full call number Barcode Date last seen Price effective from Koha item type Cost, normal purchase price Date last checked out
    Dewey Decimal Classification   Botany   ST. THOMAS COLLEGE LIBRARY, PALAI ST. THOMAS COLLEGE LIBRARY, PALAI Life Sciences 2021-07-10   561 CHE-I 5390 2021-07-10 2021-07-10 Books    
    Dewey Decimal Classification   Botany   ST. THOMAS COLLEGE LIBRARY, PALAI ST. THOMAS COLLEGE LIBRARY, PALAI Life Sciences 2021-07-10 1 561 CHE-I 63682 2022-01-19 2021-07-10 Books 896.00 2022-01-04
    Dewey Decimal Classification   Botany   ST. THOMAS COLLEGE LIBRARY, PALAI ST. THOMAS COLLEGE LIBRARY, PALAI Life Sciences 2021-07-10 4 561 CHE-I 81485 2025-08-22 2021-07-10 Books 895.00 2025-08-04
Rights reserved ©2021 ST. THOMAS COLLEGE LIBRARY
A joint venture of - St. Thomas College Library and
Department of Computer Science, St. Thomas Collge Palai